00354cam a22001097a 4500008004000000082002500040100002500065245004300090260004800133300001100181440005200192180718b1977 xxu||||| |||| 00| 0 eng d aA81x54 In2/71/3/Pt 3 aCensus of India 1971 aAssam: establishment report and tables aDelhibThe Controller of Publicationsc1977 a610+p. aCensus of India 1971. Series-3, Assam. Part III